MARC details
| 000 -LEADER |
| fixed length control field |
01064cam a22003254i 4500 |
| 001 - CONTROL NUMBER |
| control field |
|
| 003 - CONTROL NUMBER IDENTIFIER |
| control field |
OSt |
| 005 - DATE AND TIME OF LATEST TRANSACTION |
| control field |
20220107122805.0 |
| 008 - FIXED-LENGTH DATA ELEMENTS--GENERAL INFORMATION |
| fixed length control field |
130619s2014 flua b 001 0 eng |
| 010 ## - LIBRARY OF CONGRESS CONTROL NUMBER |
| LC control number |
|
| 020 ## - INTERNATIONAL STANDARD BOOK NUMBER |
| International Standard Book Number |
9781439860847 |
| 040 ## - CATALOGING SOURCE |
| Transcribing agency |
IIITMK |
| 082 00 - DEWEY DECIMAL CLASSIFICATION NUMBER |
| Classification number |
006.312R SAM/P |
| Edition number |
|
| 100 ## - MAIN ENTRY--PERSONAL NAME |
| Personal name |
Samatova, Nagiza F.(Ed.) |
| 9 (RLIN) |
7802 |
| 245 00 - TITLE STATEMENT |
| Title |
Practical graph mining with R |
| Statement of responsibility, etc. |
edited by, Nagiza F. Samatova, William Hendrix, John Jenkins, Kanchana Padmanabhan, Arpan Chakraborty. |
| 260 ## - PUBLICATION, DISTRIBUTION, ETC. |
| Place of publication, distribution, etc. |
Boca Raton, |
| Name of publisher, distributor, etc. |
CRC Press, |
| Date of publication, distribution, etc. |
2014. |
| 300 ## - PHYSICAL DESCRIPTION |
| Extent |
xxi, 473 p. |
| Other physical details |
|
| Dimensions |
|
| 490 0# - SERIES STATEMENT |
| Series statement |
Chapman & Hall/CRC data mining and knowledge discovery series |
| 650 #0 - SUBJECT ADDED ENTRY--TOPICAL TERM |
| Topical term or geographic name entry element |
DATA MINING |
| 9 (RLIN) |
7803 |
| 650 #0 - SUBJECT ADDED ENTRY--TOPICAL TERM |
| Topical term or geographic name entry element |
DATA VISUALIZATION |
| 9 (RLIN) |
7804 |
| 650 #0 - SUBJECT ADDED ENTRY--TOPICAL TERM |
| Topical term or geographic name entry element |
DATA PROCESSING |
| 9 (RLIN) |
7805 |
| 650 #0 - SUBJECT ADDED ENTRY--TOPICAL TERM |
| Topical term or geographic name entry element |
GRAPH MINING |
| 9 (RLIN) |
7806 |
| 650 #0 - SUBJECT ADDED ENTRY--TOPICAL TERM |
| Topical term or geographic name entry element |
COMPUTER PROGRAM LANGUAGE R |
| 9 (RLIN) |
7807 |
| 650 #0 - SUBJECT ADDED ENTRY--TOPICAL TERM |
| Topical term or geographic name entry element |
DATABASE MANAGEMENT |
| 9 (RLIN) |
7808 |
| 700 1# - ADDED ENTRY--PERSONAL NAME |
| Personal name |
Hendrix, William |
| 9 (RLIN) |
7809 |
| 700 1# - ADDED ENTRY--PERSONAL NAME |
| Personal name |
Jenkins, John |
| 9 (RLIN) |
7810 |
| 700 1# - ADDED ENTRY--PERSONAL NAME |
| Personal name |
Padmanabhan, Kanchana |
| 9 (RLIN) |
7811 |
| 700 1# - ADDED ENTRY--PERSONAL NAME |
| Personal name |
Chakraborty, Arpan (Eds.) |
| 9 (RLIN) |
7812 |
| 942 ## - ADDED ENTRY ELEMENTS (KOHA) |
| Source of classification or shelving scheme |
Dewey Decimal Classification |
| Koha item type |
Books |